IMPORT of Goods and Services. (Record no. 349180)
[ view plain ]
| 000 -LEADER | |
|---|---|
| fixed length control field | 00367 a2200133 4500 |
| 082 ## - DEWEY DECIMAL CLASSIFICATION NUMBER | |
| Classification number | 380 |
| Author Mark | SBP |
| 100 ## - MAIN ENTRY--PERSONAL NAME | |
| Personal name | State Bank of Pakistan |
| 245 ## - TITLE STATEMENT | |
| Title | IMPORT of Goods and Services. |
| Statement of responsibility, etc. | State Bank of Pakistan |
| 250 ## - EDITION STATEMENT | |
| Edition statement | 2010. |
| 260 ## - PUBLICATION, DISTRIBUTION, ETC. | |
| Place of publication, distribution, etc. | Pakistan |
| Name of publisher, distributor, etc. | State Bank of Pakistan. |
| Date of publication, distribution, etc. | 2010 |
| 300 ## - PHYSICAL DESCRIPTION | |
| Extent | 308p. |
| 500 ## - GENERAL NOTE | |
| General note | Paper cover |
| 942 ## - ADDED ENTRY ELEMENTS (KOHA) | |
| Institution code [OBSOLETE] | NBS |
| Koha item type | Book |
| Call number prefix | 332.1224'9591 SBP |
| Source of classification or shelving scheme | |
| Withdrawn status | Lost status | Source of classification or shelving scheme | Damaged status | Not for loan | Permanent Location | Current Location | Date acquired | Total Checkouts | Full call number | Barcode | Date last seen | Date last checked out | Price effective from | Koha item type | Public note |
|---|---|---|---|---|---|---|---|---|---|---|---|---|---|---|---|
| Central Library (CL) | Central Library (CL) | 08/28/2013 | 1 | 380 SBP | S3H-N-1638 | 05/20/2015 | 05/20/2015 | 08/28/2013 | Book | NBSR-56 | |||||
| Central Library (CL) | Central Library (CL) | 08/28/2013 | 380 SBP | NBSR52 | 08/28/2013 | 08/28/2013 | Book | Transfer to S3H (Report) | |||||||
| Central Library (CL) | Central Library (CL) | 08/03/2021 | 380 SBP | S3H-N-1666 | 08/03/2021 | 08/03/2021 | Reference | NBSR-50 | |||||||
| Central Library (CL) | Central Library (CL) | 05/29/2024 | 380 SBP | S3H-N-1641 | 05/29/2024 | 05/29/2024 | Book | NBSR-59 |
